00697nam a2200229Ia 45000010006000000050017000060070003000230080041000260400025000670410008000920820018001001000020001182450063001382500014002012600045002153000019002606530015002796530017002949420012003119520127003239990017004502818020240114001036.0ta060605s 197 g b000 u 465 u aCotton College,Assam a465 a311bAv 35 El aAverill, E.W. . 0aElements of Statistics /cE.W. Averill.hTextual Documents a1st ed. / aNew York :bJohn Wiley & Sons ,cC 1972. a268p. ;c22cm. aStatistics aG-Statistics 2ddccBK 001040708Circulation (G)aSKBLbSKBLd2012-02-01f00000l0o311 Av 35 Elp62809r2024-01-14 00:00:00t1w2012-02-01yBK c28162d28162